| 000 | 00468nam a2200169 a 4500 | ||
|---|---|---|---|
| 001 | 323 | ||
| 003 | CDMR | ||
| 005 | 20131213174201.0 | ||
| 008 | 130130s1992||||||||||||||||||||||||||||d | ||
| 040 |
_aCDMR _bcat _cCDMR |
||
| 111 | 2 |
_aCongrés FIP _cMontreal _d1992 _n21º _9215 |
|
| 245 | 1 | 0 |
_aAu coeur du changement _bCongrès. Montreal 8-12 juin _cFIJ |
| 260 |
_aMontreal _c1992 _bFIJ |
||
| 300 | _c30 cm | ||
| 650 | 0 | 4 |
_9216 _aAssociacions de professionals i tècnics |
| 942 | _cMON | ||
| 999 |
_c323 _d323 |
||